000 00605nam a22001817a 4500
999 _c177243
_d177243
005 20210216110832.0
010 _aENG-128987
020 _c250.00
_a978-81-938193-2-6
035 _aEN-112519
037 _bDBAD/PUB
082 _a808.88
245 _aQuotes that Inspire You:
_bIndian Personalities
260 _aDelhi
_bUniversal Press
_c2020
270 _bDelhi
_aB-109, 3rd Floor, Preet Vihar
_e110092
_muniversalpressdel@gmail.com
300 _a96p.
_c22cm(hbk)
500 _aCompiler and Editor: Saurabh Kaushik Cover Design By: Surendra Goswami
942 _2ddc
_cEN
_h808.88
_mQUO